Central Library OPAC University of Rajshahi

Troilus and Creside / (Record no. 18057)

MARC details
000 -LEADER
fixed length control field 01559cam a22003971 4500
001 - CONTROL NUMBER
control field 18057
003 - CONTROL NUMBER IDENTIFIER
rucl marc code BD-RjUL
005 - DATE AND TIME OF LATEST TRANSACTION
control field 20211209000230.0
008 - FIXED-LENGTH DATA ELEMENTS--GENERAL INFORMATION
fixed length control field 140219t19711965unk 000 0 eng
035 ## - SYSTEM CONTROL NUMBER
System control number (BD-RjUL)
040 ## - CATALOGING SOURCE
Original cataloging agency DLC
Transcribing agency DLC
Modifying agency DLC
Language of cataloging eng
041 0# - LANGUAGE CODE
Language code of text/sound track or separate title engenm
082 00 - DEWEY DECIMAL CLASSIFICATION NUMBER
Classification number 821.17
Author mark and year CHT 1971
100 1# - MAIN ENTRY--PERSONAL NAME
Personal name Chaucer, Geoffrey,
Dates associated with a name -1400.
9 (RLIN) 28465
245 10 - TITLE STATEMENT
Title Troilus and Creside /
Statement of responsibility, etc. Geoffrey Chaucer
260 ## - PUBLICATION, DISTRIBUTION, ETC. (IMPRINT)
Place of publication, distribution, etc. London :
Name of publisher, distributor, etc. Centaur press ltd.,
Date of publication, distribution, etc. c1965 [impression1971].
300 ## - PHYSICAL DESCRIPTION
Pagination 328 p. ;
Size 25 cm.
490 0# - SERIES STATEMENT
Series statement Great books of the Western World, v. 22
500 ## - GENERAL NOTE
General note Original and modern versions in parallel columns.
General note "The Middle English versions ... are reprinted from The complete works of Geoffrey Chaucer, edited by W. W. Skeat."
General note Troilus and Cressida translated by George Philip Krapp; The Canterbury tales by J. U. Nicolson.
650 #0 - SUBJECT ADDED ENTRY--TOPICAL TERM
Topical term or geographic name as entry element Christian pilgrims and pilgrimages
Geographic subdivision England
-- Canterbury
Form subdivision Poetry.
9 (RLIN) 55643
Topical term or geographic name as entry element Troilus (Legendary character)
Form subdivision Poetry.
9 (RLIN) 55644
Topical term or geographic name as entry element Cressida (Fictitious character)
Form subdivision Poetry.
9 (RLIN) 55645
Topical term or geographic name as entry element Trojan War
Form subdivision Poetry.
9 (RLIN) 55646
651 #0 - SUBJECT ADDED ENTRY--GEOGRAPHIC NAME
Geographic name Troy (Extinct city)
Form subdivision Poetry.
9 (RLIN) 55647
700 1# - ADDED ENTRY--PERSONAL NAME
Personal name margaret stanley-wrence
Relator term ed.
Dates associated with a name 1872-1934,
Relator term tr.
Personal name Nicolson, J. U.
Fuller form of name (John Urban),
Dates associated with a name 1885-
Relator term tr.
Personal name Chaucer, Geoffrey,
Dates associated with a name -1400.
942 ## - ADDED ENTRY ELEMENTS (KOHA)
Source of classification or shelving scheme Dewey Decimal Classification
Koha item type Books
Holdings
Lost status Source of classification or shelving scheme Damaged status Not for loan Collection code Permanent Location Current Location Shelving location Date acquired Source of acquisition Cost, normal purchase price Total Checkouts Full call number Date last seen Copy number Koha item type
  Dewey Decimal Classification   Not For Loan Fiction Central Library, University of Rajshahi Central Library, University of Rajshahi Reading Room 29/12/1976 unesco gift 3.00   821.17 CHT 1971 19/02/2014 C-1 Books
  Dewey Decimal Classification     Fiction Central Library, University of Rajshahi Central Library, University of Rajshahi   16/10/1970 Zeitlinger 36.00   821.17 CHT 1971 08/03/2017 C-2 Books